Sahni's dictionary of biology / (Record no. 134252)

MARC details
000 -LEADER
fixed length control field 00759nam a22002657a 4500
003 - CONTROL NUMBER IDENTIFIER
control field 0
005 - DATE AND TIME OF LATEST TRANSACTION
control field 20180719140538.0
008 - FIXED-LENGTH DATA ELEMENTS--GENERAL INFORMATION
fixed length control field 0
010 ## - LIBRARY OF CONGRESS CONTROL NUMBER
LC control number A-898738, A-898741
020 ## - INTERNATIONAL STANDARD BOOK NUMBER
Terms of availability 75.00
International Standard Book Number 8175640987
035 ## - SYSTEM CONTROL NUMBER
System control number A-898738, A-898741
037 ## - SOURCE OF ACQUISITION
Source of stock number/acquisition Cen Lib/Ret
040 ## - CATALOGING SOURCE
Original cataloging agency DPL
Language of cataloging EN
Transcribing agency 0
082 ## - DEWEY DECIMAL CLASSIFICATION NUMBER
Classification number 574.03
Item number SAH
100 ## - MAIN ENTRY--PERSONAL NAME
Personal name Sahni
9 (RLIN) 40205
245 ## - TITLE STATEMENT
Title Sahni's dictionary of biology /
Statement of responsibility, etc by Sahni; compiled by S. K. Tuli
246 ## - VARYING FORM OF TITLE
Remainder of title
260 ## - PUBLICATION, DISTRIBUTION, ETC. (IMPRINT)
Name of publisher, distributor, etc Sahni Publications
Date of publication, distribution, etc 1999
Place of publication, distribution, etc New Delhi
270 ## - ADDRESS
City New Delhi
Address 4777, Dr. Mitra Gali, Roshanara Road
Postal code 110007
300 ## - PHYSICAL DESCRIPTION
Extent 304p.
Dimensions 22cm(Hb)
650 ## - SUBJECT ADDED ENTRY--TOPICAL TERM
Topical term or geographic name as entry element Biology
9 (RLIN) 10215
650 ## - SUBJECT ADDED ENTRY--TOPICAL TERM
Topical term or geographic name as entry element Biology -- Dictionaries
9 (RLIN) 40206
700 ## - ADDED ENTRY--PERSONAL NAME
Personal name Tuli, S. K.
9 (RLIN) 40207
942 ## - ADDED ENTRY ELEMENTS (KOHA)
Source of classification or shelving scheme Dewey Decimal Classification
Koha item type English Books
Classification part 574.03
Call number suffix SAH
Holdings
Withdrawn status Lost status Damaged status Not for loan Collection code Home library Current library Date acquired Source of acquisition Cost, normal purchase price Total Checkouts Full call number Barcode Date last seen Copy number Cost, replacement price Price effective from Koha item type Source of classification or shelving scheme Date checked out
      Not For Loan Reference Central Library Central Library 29/07/2015 Cen Lib/Ret 75.00   574.03 SAH A-898738 29/07/2015 1 75.00 29/07/2015 English Books    
        Non-fiction Patel Nagar Patel Nagar 19/07/2018 BPPD/PUB 75.00 1 574.03 SAH A-898741 27/08/2018   75.00 19/07/2018 English Books Dewey Decimal Classification 13/08/2018

© Delhi Public Library
Hit Counter
free hit counter